Y2K: lessons learned from world-class companies (Record no. 83286)

MARC details
000 -LEADER
fixed length control field 00832nam a2200169 a 4500
008 - FIXED-LENGTH DATA ELEMENTS--GENERAL INFORMATION
fixed length control field 120416s1999 ||||||||||||||||| || u
020 ## - INTERNATIONAL STANDARD BOOK NUMBER
International Standard Book Number 812031557X
050 ## - LIBRARY OF CONGRESS CALL NUMBER
Classification number T 57.6 Cop
100 ## - MAIN ENTRY--PERSONAL NAME
Personal name Cope, Jim
245 10 - TITLE STATEMENT
Title Y2K: lessons learned from world-class companies
260 ## - PUBLICATION, DISTRIBUTION, ETC.
Place of publication, distribution, etc. New Delhi:
Name of publisher, distributor, etc. Prentice-Hall
Date of publication, distribution, etc. 1999
350 ## -
-- 0.00
650 ## - SUBJECT ADDED ENTRY--TOPICAL TERM
Topical term or geographic name entry element CORPORATIONS
995 ## -
-- ANNEX COLLECTION (Main Library)
-- 0.00
-- 732806
-- CBU-MAIN LIBRARY (Kitwe)
-- 1
-- 95.00
-- T 57.6 Cop
-- 1
-- AVAILABLE
-- 44711
-- Annex Low-Usage Collection
995 ## -
-- MAIN LIBRARY OPEN ACCESS
-- 0.00
-- 732805
-- CBU-MAIN LIBRARY (Kitwe)
-- 3
-- 95.00
-- T 57.6 Cop
-- 3
-- AVAILABLE
-- 44712
-- Main Library Open Access Collection
995 ## -
-- MAIN LIBRARY OPEN ACCESS
-- 0.00
-- 732804
-- CBU-MAIN LIBRARY (Kitwe)
-- 2
-- 95.00
-- T 57.6 Cop
-- 2
-- AVAILABLE
-- 44709
-- Main Library Open Access Collection
999 ## -
-- 83286
-- 83286
Holdings
Withdrawn status Lost status Source of classification or shelving scheme Damaged status Not for loan Permanent Location Current Location Shelving location Date acquired Total Checkouts Full call number Barcode Date last seen Copy number Price effective from Koha item type
          CBU-MAIN LIBRARY, KITWE. CBU-MAIN LIBRARY, KITWE.   10/25/2023   T 57.6 Cop 44711 10/25/2023 1 10/25/2023 MONOGRAPH
          CBU-MAIN LIBRARY, KITWE. CBU-MAIN LIBRARY, KITWE.   10/25/2023   T 57.6 Cop 44712 10/25/2023 2 10/25/2023 MONOGRAPH
          CBU-MAIN LIBRARY, KITWE. CBU-MAIN LIBRARY, KITWE.   10/25/2023   T 57.6 Cop 44709 10/25/2023 3 10/25/2023 MONOGRAPH